| 000 | 01768nam a2200229Ia 4500 | ||
|---|---|---|---|
| 008 | 260220t1994||||xx |||||||||||||| ||spa|| | ||
| 040 |
_aPY-SlUNAC _bspa _erda |
||
| 041 | _aspa | ||
| 082 |
_a581.9 _bAs87i |
||
| 245 | 0 | _aItinera geobotánica | |
| 264 |
_a[Lugar de publicación no identificado] : _bAsociación Española de Fitosociología, _c℗1994. |
||
| 300 | _a1 volumen | ||
| 520 | _a"Itinera geobotánica" es una obra fundamental publicada por la Asociación Española de Fitosociología en 1994, que aborda la geobotánica como disciplina clave para el estudio de la vegetación en relación con su entorno geográfico. A través de un enfoque multidisciplinario, el libro examina la distribución y características de las comunidades vegetales en diferentes ecosistemas, analizando factores como el clima, el suelo y la topografía. Además, se presentan metodologías para la clasificación y mapeo de la vegetación, enfatizando la importancia de la fitosociología en la conservación de la biodiversidad y el manejo sostenible de los recursos naturales. La obra incluye estudios de caso que ilustran los conceptos teóricos, así como aplicaciones prácticas en la investigación ambiental. Con su rigor científico y enfoque aplicado, "Itinera geobotánica" se convierte en una referencia esencial para investigadores, estudiantes y profesionales interesados en la ecología y la biogeografía, promoviendo una comprensión más profunda de las dinámicas vegetales en el contexto geográfico. | ||
| 653 | _aEcología | ||
| 653 | _aFitosociología | ||
| 653 | _aGeobotánica | ||
| 942 |
_b2026/02/17 _cBK |
||
| 999 |
_c8303 _d8303 |
||